000 00652nam a22001697a 4500
999 _c61908
_d61908
003 Ge_BSU
005 20240607101448.0
008 240607s1956 ge ||||| |||| 00| 0 geo d
041 _ageo
080 _a615.84 მ-23
100 _aმამამთავრიშვილი, დ.
_922349
245 _aატომური ენერგია და მედიცინა /
_cდ. მამამამთვრიშვილი.
264 _aთბილისი :
_bსაქმედგამი,
_c1956.
300 _a29 გვ. ;
_b20 სმ.
653 _aატომური ენერგია
942 _2udc
_cᲬᲘᲒᲜᲘ